Geografía recreativa: investigación de potenciales turísticos
Salvato in:
| Autore principale: | |
|---|---|
| Natura: | Libro |
| Lingua: | spagnolo |
| Pubblicazione: |
Ciudad de México
Trillas
1992
|
| Edizione: | 1a. ed |
| Serie: | Trillas Turismo
|
| Soggetti: | |
| Tags: |
Aggiungi Tag
Nessun Tag, puoi essere il primo ad aggiungerne!!
|
MARC
| LEADER | 00000nam a2200000 a 4500 | ||
|---|---|---|---|
| 001 | UCG0802 | ||
| 003 | CL-VaPUC | ||
| 008 | 100408e19920000MX |||||||||||||||||spa|d | ||
| 020 | |a 9789682444713 | ||
| 082 | 0 | 4 | |a 790.07 |b SMI |2 21 |
| 100 | 0 | |a Smith, Stephen L. J |e author |9 548377 | |
| 245 | 1 | 0 | |a Geografía recreativa: investigación de potenciales turísticos |
| 250 | |a 1a. ed | ||
| 300 | |a 289 p | ||
| 942 | |c BK | ||
| 945 | |d 20100408 00:00:00 |a rbrito | ||
| 260 | |a Ciudad de México |b Trillas |c 1992 | ||
| 650 | 0 | |a Geografía |9 259346 | |
| 650 | 0 | |a Turismo |9 308920 | |
| 650 | 7 | |a RECREACION |2 CL-VaPUC |9 548378 | |
| 650 | 0 | |a Áreas de recreación |9 535606 | |
| 650 | 0 | |a Actividades al aire libre |9 548286 | |
| 583 | |a last modification |c 20160105 02:08:41 |k Rodrigo Vera | ||
| 490 | 0 | |a Trillas Turismo | |
| 999 | |c 340325 |d 340323 | ||
| 952 | |0 0 |1 0 |4 0 |6 790_070000000000000_SMI_1992 |7 0 |8 A |9 434934 |a BIBING |b BIBING |d 2019-11-22 |i 4657950 |l 1 |o 790.07 SMI 1992 |p 4657950 |r 2025-01-20 |s 2023-03-21 |w 2019-11-22 |y BK |k GEO | ||